BUBT Library Online Catalog

Macbeth/ (Record no. 6780)

000 -LEADER
fixed length control field 00714nam a22002297a 4500
003 - CONTROL NUMBER IDENTIFIER
control field BUBTL
008 - FIXED-LENGTH DATA ELEMENTS--GENERAL INFORMATION
fixed length control field 221114b ||||| |||| 00| 0 eng d
020 ## - INTERNATIONAL STANDARD BOOK NUMBER
International Standard Book Number 9847002100274
082 ## - DEWEY DECIMAL CLASSIFICATION NUMBER
Classification number 822.33/ Sh152h/ 2021
100 ## - MAIN ENTRY--PERSONAL NAME
9 (RLIN) 1992
Personal name Shakespeare, William
245 ## - TITLE STATEMENT
Title Macbeth/
Statement of responsibility, etc. William Shakespeare
250 ## - EDITION STATEMENT
Edition statement 1st Edn.
260 ## - PUBLICATION, DISTRIBUTION, ETC. (IMPRINT)
Place of publication, distribution, etc. Dhaka:
Name of publisher, distributor, etc. Albatross Classics,
Date of publication, distribution, etc. c2021
300 ## - PHYSICAL DESCRIPTION
Extent cxii, 207 p.:
Dimensions 20 cm.
440 ## - SERIES STATEMENT/ADDED ENTRY--TITLE
9 (RLIN) 4878
Title Albatross Classics
505 ## - FORMATTED CONTENTS NOTE
Formatted contents note Macbeth, William Shakespeare, Albatross Classics, Shakespeare, English
650 #0 - SUBJECT ADDED ENTRY--TOPICAL TERM
9 (RLIN) 1994
Topical term or geographic name as entry element English Literature
700 ## - ADDED ENTRY--PERSONAL NAME
9 (RLIN) 4879
Personal name Alam, Mohit Ul
856 ## - ELECTRONIC LOCATION AND ACCESS
Password 0
Logon 0
Link text Download
942 ## - ADDED ENTRY ELEMENTS (KOHA)
Source of classification or shelving scheme
Koha item type Books
Holdings
Withdrawn status Lost status Source of classification or shelving scheme Damaged status Not for loan Collection code Permanent location Current location Shelving location Date acquired Source of acquisition Inventory number Total Checkouts Full call number Barcode Date last seen Copy number Price effective from Koha item type
          Fiction Bangladesh University of Business and Technology Library Bangladesh University of Business and Technology Library English Literature Stacks 11/03/2022 Purchase 29070   822.33/ Sh152h/ 2021 BUBTL-200329070 11/14/2022 C-1 11/14/2022 Books
          Fiction Bangladesh University of Business and Technology Library Bangladesh University of Business and Technology Library English Literature Stacks 11/03/2022 Purchase 29071   822.33/ Sh152h/ 2021 BUBTL-200329071 11/14/2022 C-2 11/14/2022 Books
          Fiction Bangladesh University of Business and Technology Library Bangladesh University of Business and Technology Library English Literature Stacks 11/03/2022 Purchase 29072   822.33/ Sh152h/ 2021 BUBTL-200329072 11/14/2022 C-3 11/14/2022 Books

More Information About Library

Library Hours

  • Open: 9.00 am. to 9.00 pm.
  • Only Sunday: 9.00 am. to 6.00 pm.
  • Closed: Holiday

Contact to the University

Bangladesh University of Business and Technology Library

  • Mirpurl-2, 1216.
  • Phone:
  • Fax:
  • E-Mail: admin.library@bubt.edu.bd

Contact to the Library

Contact Person:

Md. Abdul Hakim Shah
Joint Librarian
PABX No:  113
Cell No: 01816332931
E-mail: official: admin.library@bubt.edu.bd
Personal: hakim.shah@bubt.edu.bd


BUBT Library

Copyright © 2021